Chilensia Pontificia. Monumenta Ecclesiae Chilensia.

Αποθηκεύτηκε σε:
Λεπτομέρειες βιβλιογραφικής εγγραφής
Κύριος συγγραφέας: Retamal Fuentes, Fernando (autor)
Μορφή: Βιβλίο
Γλώσσα:Ισπανικά
Έκδοση: Santiago, Chile: Ediciones Universidad Católica de Chile, 1998.
Σειρά:Investigaciones
Θέματα:
Ετικέτες: Προσθήκη ετικέτας
Δεν υπάρχουν, Καταχωρήστε ετικέτα πρώτοι!

MARC

LEADER 00000cam a2200000 a 4500
001 UCL3137
003 CL-VaPUC
005 20250103100358.0
008 031114e19980000CL |||||||||||||||||spa|d
999 |c 306264  |d 306262 
020 |a 9561404958o.c 
020 |a 9561404966v.1 t.1 
020 |a 9561404974v.1 t.2 
020 |a 9561404982v.1 t.3 
020 |a 9561408422v.2 t.3 
020 |a 9561408775v.3 t.1 
040 |c Pontificia Universidad Católica de Valparaíso 
082 0 4 |a 282.83 RET 1998  |2 21 
100 0 |a Retamal Fuentes, Fernando  |e autor  |9 475531 
245 1 0 |a Chilensia Pontificia.  |b Monumenta Ecclesiae Chilensia. 
260 |a Santiago, Chile:  |b Ediciones Universidad Católica de Chile,  |c 1998. 
300 |a volumenes 
490 0 |a Investigaciones 
500 |a v.1 t.1-3: De Pío IV a Pío IX: 1561-1878 
500 |a v.2 t.1-4: De León XIII a Pío XII: 1878-1958 
500 |a v.3 t.1: De Juan XXIII a Benedicto XVI: 1958-2005 
583 |a last modification  |c 20120113 12:40:20  |k Rodrigo Vera 
650 0 |a Iglesia Católica  |9 256114 
650 0 |a Historia de la iglesia   |9 257565 
650 0 |a Documentos pontificios   |9 255642 
651 7 |a CHILE  |2 CL-VaPUC  |9 480371 
942 |c BK  |2 ddc 
945 |d 20031114 00:00:00  |a cmena 
952 |0 0  |1 0  |4 0  |6 282_830000000000000_RET_1998  |7 0  |8 A  |9 371157  |a BIBTEO  |b BIBTEO  |d 2019-11-21  |h v.1 t.1  |i 3959058  |l 1  |o 282.83 RET 1998  |p 3959058  |r 2024-01-18  |s 2020-03-16  |w 2019-11-21  |y BK  |k ICR 
952 |0 0  |1 0  |4 0  |6 282_830000000000000_RET_1998  |7 0  |8 A  |9 371158  |a BIBTEO  |b BIBTEO  |d 2019-11-21  |h v.1 t.2  |i 3959066  |l 1  |o 282.83 RET 1998  |p 3959066  |r 2024-01-18  |s 2020-03-16  |w 2019-11-21  |y BK  |k ICR 
952 |0 0  |1 0  |4 0  |6 282_830000000000000_RET_1998  |7 0  |8 A  |9 371159  |a BIBTEO  |b BIBTEO  |d 2019-11-21  |h v.1 t.3  |i 3959074  |l 1  |o 282.83 RET 1998  |p 3959074  |r 2024-01-18  |s 2020-03-16  |w 2019-11-21  |y BK  |k ICR 
952 |0 0  |1 0  |4 0  |6 282_830000000000000_RET_1998  |7 0  |8 DER_HDC  |9 371160  |a BIBDER  |b BIBDER  |d 2019-11-21  |h v.1  |i 4775104  |o 282.83 RET 1998  |p 4775104  |r 2023-01-25  |w 2019-11-21  |x Ubicación 4to Piso  |y BK  |z Estos recursos deben solicitarse con anticipación  |k DER 
952 |0 0  |1 0  |4 0  |6 282_830000000000000_RET_1998  |7 0  |8 DER_HDC  |9 371161  |a BIBDER  |b BIBDER  |d 2019-11-21  |h v.1  |i 4775112  |o 282.83 RET 1998  |p 4775112  |r 2023-01-25  |w 2019-11-21  |x Ubicación 4to Piso  |y BK  |z Estos recursos deben solicitarse con anticipación  |k DER 
952 |0 0  |1 0  |4 0  |6 282_830000000000000_RET_1998  |7 0  |8 DER_HDC  |9 371162  |a BIBDER  |b BIBDER  |d 2019-11-21  |h v.1  |i 4775120  |o 282.83 RET 1998  |p 4775120  |r 2023-01-25  |w 2019-11-21  |x Ubicación 4to Piso  |y BK  |z Estos recursos deben solicitarse con anticipación  |k DER 
952 |0 0  |1 0  |4 0  |6 282_830000000000000_RET_1998  |7 0  |8 DER_HDC  |9 371163  |a BIBDER  |b BIBDER  |d 2019-11-21  |h v.2  |i 4775139  |o 282.83 RET 1998  |p 4775139  |r 2023-01-25  |w 2019-11-21  |x Ubicación 4to Piso  |y BK  |z Estos recursos deben solicitarse con anticipación  |k DER 
952 |0 0  |1 0  |4 0  |6 282_830000000000000_RET_1998  |7 0  |8 DER_HDC  |9 371164  |a BIBDER  |b BIBDER  |d 2019-11-21  |h v.2  |i 4775147  |o 282.83 RET 1998  |p 4775147  |r 2023-01-25  |w 2019-11-21  |x Ubicación 4to Piso  |y BK  |z Estos recursos deben solicitarse con anticipación  |k DER 
952 |0 0  |1 0  |4 0  |6 282_830000000000000_RET_1998  |7 0  |8 DER_HDC  |9 371165  |a BIBDER  |b BIBDER  |d 2019-11-21  |h v.3  |i 4775155  |o 282.83 RET 1998  |p 4775155  |r 2023-01-25  |w 2019-11-21  |x Ubicación 4to Piso  |y BK  |z Estos recursos deben solicitarse con anticipación  |k DER